Państwa Graniczące z Arabią Saudyjską - Statystyki

Ogólne statystyki
  • Ten quiz został rozwiązany 19 razy
  • Średni wynik to 6 z 7
Statystyki odpowiedzi
Państwo % Poprawnych
Jemen
100%
Oman
94%
Irak
88%
Zjednoczone Emiraty Arabskie
88%
Kuwejt
82%
Jordania
76%
Katar
76%
Nie znaleziono quizów pasujących do podanych kryteriów
Rozkład punktacji
Procent ludzi z każdym wynikiem
Percentyl według liczby udzielonych odpowiedzi
Twoja historia wyników
Nie rozwiązałeś tego quizu